Larvicidal activity of myricoidine from clerodendrum myricoides / (Record no. 13604)

MARC details
000 -LEADER
fixed length control field 00715nam a22002172 4500
001 - CONTROL NUMBER
control field 0000013273
005 - DATE AND TIME OF LATEST TRANSACTION
control field 20151217155855.0
008 - FIXED-LENGTH DATA ELEMENTS--GENERAL INFORMATION
fixed length control field 090726s xx 000 0 eng d
040 ## - CATALOGING SOURCE
Original cataloging agency KABU
Transcribing agency KABU
100 1# - MAIN ENTRY--PERSONAL NAME
Personal name Kebenei, J. S.
-- 0000170431
245 10 - TITLE STATEMENT
Title Larvicidal activity of myricoidine from clerodendrum myricoides /
Statement of responsibility, etc. J. S. Kebenei, P. K. Ndalut and C. P. Kiprono.
250 ## - EDITION STATEMENT
Edition statement 1st ed.
260 ## - PUBLICATION, DISTRIBUTION, ETC. (IMPRINT)
Place of publication, distribution, etc. Eldoret, Kenya :
Name of publisher, distributor, etc. Moi University,
Date of publication, distribution, etc. 2004.
300 ## - PHYSICAL DESCRIPTION
Extent 3 leaves.
650 #0 - SUBJECT ADDED ENTRY--TOPICAL TERM
Topical term or geographic name as entry element Anopheles gambiae.
-- 0000170432
700 1# - ADDED ENTRY--PERSONAL NAME
Personal name Ndalut, P. K.
-- 0000170433
700 1# - ADDED ENTRY--PERSONAL NAME
Personal name Kiprono, C. P.
-- 0000170434
852 1# - LOCATION
-- p100 KES
908 ## - PUT COMMAND PARAMETER (RLIN)
Put command parameter 090726
950 ## - LOCAL HOLDINGS (RLIN)
-- 1
Holdings
Withdrawn status Lost status Source of classification or shelving scheme Not for loan Home library Current library Date acquired Total Checkouts Full call number Barcode Date last seen Price effective from Koha item type
    Library of Congress Classification   Kabarak, Main Campus Kabarak, Main Campus 17/12/2015   QL536 .K43 2004 c. 1 17976 17/12/2015 17/12/2015 Africana Collection
Designed with assistance from East African Informatics Ltd